| 000 | 00000nas 2200000za 4500 |
| 001 | 9.863827 |
| 003 | CaOODSP |
| 005 | 20240220075726 |
| 007 | cr ||||||||||| |
| 008 | 181029d19961999oncmr p oss f0###a0eng|d |
| 022 | |y1203-7419 |
| 040 | |aCaOODSP|beng |
| 041 | |aeng|afre |
| 043 | |an-cn--- |
| 086 | 1 |aCS35-003-PDF |
| 245 | 00|aSawmills and planing mills |h[electronic resource] = |bScieries et ateliers de rabotage. |
| 246 | 11|aScieries et ateliers de rabotage |
| 246 | 13|aSawmills and planing mills (excluding Newfoundland and Prince Edward Island) |
| 246 | 13|aScieries et ateliers de rabotage (sauf Terre-Neuve et l'Île-du-Prince-Édouard) |
| 260 | |aOttawa :|bStatistics Canada = Statistique Canada, |c1996-1999. |
| 310 | |aMonthly |
| 362 | 0 |aVol. 50, no. 1 (Jan. 1996)-v. 53, no. 1 (Jan. 1999). |
| 500 | |aDigitized edition from print [produced by Statistics Canada]. |
| 500 | |aSome issues have title: Sawmills and planing mills (excluding Newfoundland and Prince Edward Island) = Scieries et ateliers de rabotage (sauf Terre-Neuve et l'île-du-Prince Édouard). |
| 500 | |aCaption title. |
| 546 | |aText in English and French. |
| 550 | |aIssued Jan. 1996-Dec. 1996 by Industry Division; Jan. 1997-Jan. 1999 by Manufacturing, Construction and Energy Division. |
| 580 | |aMerger of: Production, shipments and stocks on hand of sawmills East of the Rockies (excluding Newfoundland and Prince Edward Island; and, Production, shipments and stocks on hand of sawmills in British Columbia. |
| 692 | 07|2gccst|aLumber industry |
| 692 | 07|2gccst|aEconomic issues |
| 710 | 1 |aCanada. |bStatistics Canada. |bIndustry Division. |
| 710 | 1 |aCanada. |bStatistics Canada. |bManufacturing, Construction and Energy Division. |
| 780 | 00|tProduction, shipments and stocks on hand of sawmills east of the Rockies (excluding Newfoundland and Prince Edward Island)|w(CaOODSP)9.863781 |
| 780 | 00|tProduction, shipments, and stocks on hand of sawmills in British Columbia |w(CaOODSP)9.863789 |
| 785 | 00|tSawmills and planing mills |w(CaOODSP)9.500051 |
| 792 | |tSawmills and planing mills |efre|w(CaOODSP)9.863838 |